Reforma económica y cambio estatal en Centroamérica /
Las reformas económicas derivadas de los programas mercado-dirigidos limitan las capacidades estatales. La desligitimación de la autoridad gubernamental erosiona las posibilidades de respuesta institucional, lo que implica un conflicto creciente en torno a la definición y la interpretación de las re...
Guardado en:
| Autor principal: | |
|---|---|
| Formato: | Texto |
| Materias: | |
| Etiquetas: |
Agregar Etiqueta
Sin Etiquetas, Sea el primero en etiquetar este registro!
|
MARC
| LEADER | 00000 a a2200000 04500 | ||
|---|---|---|---|
| 001 | 10579 | ||
| 003 | |||
| 040 | |||
| 100 | |a Sojo Obando, Carlos | ||
| 245 | |a Reforma económica y cambio estatal en Centroamérica / |c Carlos Sojo Obando | ||
| 520 | |a Las reformas económicas derivadas de los programas mercado-dirigidos limitan las capacidades estatales. La desligitimación de la autoridad gubernamental erosiona las posibilidades de respuesta institucional, lo que implica un conflicto creciente en torno a la definición y la interpretación de las reglas del juego político y económico. Las sesgadas capacidades técnicas del Estado limitan las posibilidades de un desarrollo con formas participativas de gestión y de definición de políticas |a se limitan la prestación de servicios y las funciones de intermediación. Dadas las dificultades para la mediación efectiva América Central se dirige hacia un Estado con capacidades políticas cercenadas, lo que sumado a las tendencias autoritarias del dominio tecnocrático produce una ilusión de fortalecimiento de la sociedad civil que debe hacerse cargo de las tareas abandonadas por el Estado. REV//jmml | ||
| 650 | |a AJUSTE ESTRUCTURAL | ||
| 650 | |a ECONOMIA | ||
| 650 | |a ESTADO | ||
| 650 | |a MODERNIZACION | ||
| 650 | |a LEGITIMIDAD | ||
| 650 | |a POLITICAS GUBERNAMENTALES | ||
| 650 | |a RELACIONES INTERNACIONALES | ||
| 773 | |g número 156; páginas 127-142 | ||
| 999 | |c 27723 |d 27723 | ||
